Forensic accounting (Record no. 2197)

000 -LEADER
fixed length control field nam a22 a 4500
005 - DATE AND TIME OF LATEST TRANSACTION
control field 20170515152850.0
008 - FIXED-LENGTH DATA ELEMENTS--GENERAL INFORMATION
fixed length control field 170515b2001 -uk||||| |||| 00| 0 eng d
020 ## - INTERNATIONAL STANDARD BOOK NUMBER
International Standard Book Number 1858002036 (cased) :
040 ## - CATALOGING SOURCE
Original cataloging agency AKMAL
082 ## - DEWEY DECIMAL CLASSIFICATION NUMBER
Classification number 364.163 BRE
090 ## - LOCALLY ASSIGNED LC-TYPE CALL NUMBER (OCLC); LOCAL CALL NUMBER (RLIN)
Classification number (OCLC) (R) ; Classification number, CALL (RLIN) (NR) 364.136
Local cutter number (OCLC) ; Book number/undivided call number, CALL (RLIN) BRE
100 ## - MAIN ENTRY--PERSONAL NAME
Personal name Brennan, Niamh.
9 (RLIN) 4624
245 10 - TITLE STATEMENT
Title Forensic accounting
Statement of responsibility, etc. Niamh Brennan and John Hennessy.
260 ## - PUBLICATION, DISTRIBUTION, ETC.
Place of publication, distribution, etc. Dublin :
Name of publisher, distributor, etc. Round Hall Sweet & Maxwell,
Date of publication, distribution, etc. 2001.
300 ## - PHYSICAL DESCRIPTION
Extent lxxiii, 941 p. ;
Dimensions 25cm
500 ## - GENERAL NOTE
General note Includes index.
599 ## - LOCAL NOTE
Local Note DALAM PROSES
650 #0 - SUBJECT ADDED ENTRY--TOPICAL TERM
Topical term or geographic name entry element Forensic accounting
Geographic subdivision Ireland.
9 (RLIN) 4625
650 #0 - SUBJECT ADDED ENTRY--TOPICAL TERM
Topical term or geographic name entry element Fraud investigation
Geographic subdivision Ireland.
9 (RLIN) 4626
650 #0 - SUBJECT ADDED ENTRY--TOPICAL TERM
Topical term or geographic name entry element Evidence, Expert
Geographic subdivision Ireland.
9 (RLIN) 4627
700 1# - ADDED ENTRY--PERSONAL NAME
Personal name Hennessy, John
Titles and other words associated with a name (Barrister-at-law)
9 (RLIN) 4628
852 41 - LOCATION
Location British Library
Sublocation or collection HMNTS
942 ## - ADDED ENTRY ELEMENTS (KOHA)
Source of classification or shelving scheme
Koha item type Book
Holdings
Withdrawn status Lost status Source of classification or shelving scheme Damaged status Not for loan Collection code Home library Current library Shelving location Date acquired Inventory number Total Checkouts Full call number Barcode Date last seen Price effective from Koha item type
          NON-FICTION AKMAL Melaka AKMAL Melaka PINJAMAN 15.05.2017 303486   364.163 BRE 201706365 15.05.2017 15.05.2017 Book
Pusat Sumber Maklumat Dato' Haji Sarmin Md Hussin, Akademi Kastam Diraja Malaysia, Melaka
Tel: 06-2331106 | Faks: 06-2313787